|
|
|
|
| LEADER |
00833nam a2200217 i 4500 |
| 001 |
c000251308 |
| 003 |
CARM |
| 005 |
00000000000000.0 |
| 008 |
840313s1961 sp 0 eng d |
| 019 |
1 |
|
|a 4133246
|z 41553249
|5 LACONCORD2021
|
| 035 |
|
|
|a (OCoLC)219142358
|5 LACONCORD2021
|
| 082 |
0 |
4 |
|a 462.03
|
| 100 |
1 |
|
|a Corominas, Joan.
|
| 245 |
1 |
0 |
|a Breve diccionario etimologico de la lengua castellana.
|
| 260 |
|
|
|a [Madrid] :
|b Editorial Gredos,
|c [1961].
|
| 300 |
|
|
|a 610 p.
|
| 440 |
|
0 |
|a Biblioteca románica hispánica ;
|v 5. Diccionarios
|
| 650 |
|
0 |
|a Spanish language
|x Etymology
|x Dictionaries.
|
| 852 |
8 |
|
|b CARM
|h A1:AP20E0
|i C09153
|p 0373765
|f BK
|
| 999 |
f |
f |
|i 2a5281a7-a2aa-5e33-b554-7e28dcd87f92
|s 9b36794e-bb15-5829-b7ed-f96b37822245
|
| 952 |
f |
f |
|p Can circulate
|a CAVAL
|b CAVAL
|c CAVAL
|d CARM 1 Store
|e C09153
|f A1:AP20E0
|h Other scheme
|i book
|m 0373765
|